| 000 | 01046nam a2200253 i 4500 | ||
|---|---|---|---|
| 001 | 92810 | ||
| 003 | ES-MaACL | ||
| 005 | 20250902103429.0 | ||
| 007 | t| | ||
| 008 | 050328s1945 sp ||||1| spa d | ||
| 100 | 1 |
_aLizaur y Roldán, Juan de. _972620 |
|
| 245 | 1 | 0 |
_aGeología y geografía física de la Guinea Continental española _b: conferencia pronunciada el día 22 de enero de 1945 en la Real Sociedad Geográfica / _cpor D. Juan de Lizaur y Roldán. |
| 260 |
_aMadrid : _bAguirre, _c1945. |
||
| 300 |
_a47 p., 1 h. pleg. de mapa ; _c24 cm. |
||
| 490 | 1 |
_aCurso sobre África española ; _v7 |
|
| 594 | _aPrecede al tít.: Dirección General de Marruecos y Colonias. | ||
| 650 | 4 |
_aGeología- _zGuinea Ecuatorial. _9165286 |
|
| 651 |
_aGuinea Ecuatorial- _xGeografía. _9172156 |
||
| 710 | 2 |
_aReal Sociedad Geográfica _96403 |
|
| 710 | 1 |
_aEspaña. _bDirección General de Marruecos y Colonias. _93752 |
|
| 830 | 1 |
_aCurso sobre África española ; _v7 _9181513 |
|
| 852 |
_aES-MaACL _j1880-F-7 |
||
| 999 |
_c92810 _d92810 |
||